000 00675nam a2200253Ia 4500
003 OSt
005 20220918221020.0
006 a|||||r|||| 00| 0
007 ta
008 220917b |||||||| |||| 00| 0 eng d
024 _a147,822
037 _cTextual
040 _aARTS
_cARTS
_beng
041 _2eng
_aeng
082 _aY71:g(V:71), M4
100 _aWenke Robert J
_998178
245 0 _aPattens in prehistory
_b Human kinds first three million
250 _a2nd
260 _aNew York
_bOxford
_c1984
300 _axii,500p.
_ccm.
650 _aSOCIOLOGY
942 _hY71:g(V:71), M4
_cTEXL
_2CC
999 _c270557
_d270557